Märchen Bilderquiz (schwer) - Statistiken

Allgemein
  • Dieses Quiz wurde 109 mal gespielt
  • Das Durchschnittsergebnis liegt bei 6 aus 20
Antwortstatistiken
Bildquiz Antwort % Korrekt
Die goldene Gans
81%
Die Gänsemagd
59%
Des Kaisers neue Kleider
53%
Der Zwerg Nase
40%
Das kleine Mädchen mit den Schwefelhölzchen
37%
Däumelinchen
35%
König Drosselbart
35%
Der Teufel mit den drei goldenen Haaren
34%
Vom Fischer und seiner Frau
33%
Die Schöne und das Biest
28%
Die zertanzten Schuhe
19%
Das kalte Herz
15%
Nussknacker und Mäusekönig
15%
Der Trommler
14%
Das blaue Licht
13%
Der Tannenbaum
13%
Die kluge Bauerntochter
13%
Allerleirauh
12%
Die drei Federn
5%
Das Wasser des Lebens
3%
Keine übereinstimmenden Quizze gefunden
Verteilung der Resultate
Anzahl Personen mit jedem Resultat
Perzentil nach korrekt beantworteten Fragen
Ihre Resultats-Entwicklung
Sie haben dieses Quiz noch nicht gespielt